MDQL
is popping MORE tags! Check the
thread
!
Quizzes
Events
Quiz Creation
Community
Videos
Private Events
Remove Ads
Sign In
Join for FREE
Feedback
Dark Mode
Quiz Categories
Sports
Geography
Music
Movies
Television
Just For Fun
Miscellaneous
History
Literature
Language
Science
Gaming
Entertainment
Religion
Holiday
For Kids
Quiz Lab
Recent
Popular Today
Quiz Kudos Today
Editor Picks
Curator Picks
Quizzes by...
Day
Popularity
Type
Ratings
Length
Year
Community
Subscriptions
Recent Discussions
Orange Saloon
Badges
Playlists
Quests
Create
Leaderboards
Showdown
Live 5
Trivia Bingo
Activity
Puzzle Library
Sporcle Events
Private Events
Virtual Trivia
Globe League
Become a Host
Pub Owners
SporcleCon
Opinionation
Our Games
Videos
Blog
Mobile Apps
Partnerships
Remove Ads and Go Orange
Feedback
Music
Pop Music
The Beatles
Song
Album
Lyrics
Bands
Singers
Artist
Clip
Rock
Rap
Classical
Billboard
Country Music
Kpop
Taylor Swift
Music
Pop Music
The Beatles
Song
Album
Lyrics
Bands
Singers
Artist
Clip
Rock
Rap
Classical
Billboard
Country Music
Kpop
Taylor Swift
Random Quiz
Search Sporcle
×
Quiz Lab
Quiz Lab
Music
Song
Type in answers that appear in a list
Type in answers that appear in a list
Classic
Best Score? Go Orange.
Taylor Swift's 'Lover' next line Stats
Can you name the next line of songs from Taylor Swift's 'Lover'
By
serenafrances
15m
21 Questions
535 Plays
535 Plays
535 Plays
Comments
Comments
Give Quiz Kudos
Give Quiz Kudos
-
- Ratings
hide this ad
Replay
Link that replays current quiz
Next Quiz
Link to next quiz in quiz playlist
You Got
0%
They Got
Avg Score
48%
Avg Friend Score
Upgrade to see
Score Distribution
Jump to the score distribution portion of the page
Score
0/21
Timer
15:00
0
Plays Today
Finish the line
Answer
% Correct
I love you, ain't that the worst thing you ever heard?
He looks up, grinning like a devil
85.6%
It isn't love, it isn't hate
It's just indifference
76.6%
I'm so sick of running as fast as I can
Wondering if I'd get there quicker if I was a man
73.4%
With every guitar string scar on my hand
I take this magnetic force of a man to be my lover
72.8%
All's well that ends well to end up with you
Swear to be over-dramatic and true to my lover
71.5%
'Cause all of my enemies
Started out friends
59.7%
Our songs, our films, united, we stand
Our country, guess it was a lawless land
57.7%
The wine is cold
Like the shoulder that I gave you in the street
51.1%
Lyrical smile, indigo eyes, hand on my thigh
We can follow the sparks, I'll drive
50.4%
Living in winter, I am your summer
Baby doll, when it comes to a lover
46.8%
Show me a gray sky, a rainy cab ride
Babe, don't threaten me with a good time
46.6%
Finish the line
Answer
% Correct
And I couldn't get away from ya
In my feelings more than Drake, so yeah
40.6%
I'll paint the kitchen neon
I'll brighten up the sky
38.2%
Maybe you ran with the wolves and refused to settle down
Maybe I've stormed out of every single room in this town
37.5%
Now I'm feeling hopeless, ripped up my prom dress
Running through rose thorns, I saw the scoreboard
35%
And I can't talk to you when you're like this
Staring out the window like I'm not your favorite town
34.8%
We bless the rains on Cornelia Street
Memorize the creaks in the floor
34.3%
You just need to take several seats
And then try to restore the peace
30.1%
But then you called, showed your hand
I turned around before I hit the tunnel
28.3%
I lived like an island, punished you with silence
Went off like sirens, just crying
25.8%
Sidewalk chalk covered in snow
Lost my gloves, you give me one
17%
Quiz Playlist
Details
Report
Send in Message
Add To Playlist
Classic:
Type in answers that appear in a list
Last Updated: Aug 30, 2019
Quiz Scoreboard
CHALLENGE
Sign Up to Join the Scoreboard
Show All
Scores
Hide
Comments
May contain spoilers
Recently Published
Two Season TV Shows II
by 123Four
Television
10m
Image Sorting: Flags VI
by Barbecue
Geography
2m
Find the 'City' Movie
by crazypaving
Movies
60s
More to Explore
Quiz From the Vault
Featured Blog Post
14 Easter Pick-up Lines to Find Eggs With
hide this ad
You Might Also Like...
Tags
Song Quiz
Taylor Swift Quiz
finish
Lover
Next
Today's Top Quizzes in Music
Browse Music
hide this ad
Today's Top Quizzes in Song
Browse Song
Top Contributed Quizzes in Music
1
5X2 Blitz: Bands II
2
5X2 Blitz: The Beatles
3
Taylor Swift All Songs (2024)
4
5X2 Blitz: Billboard
5
5X2 Blitz: Billboard II
6
5X2 Blitz: Album
7
5X2 Blitz: Singers
8
5X2 Blitz: Rock
9
Music Artist by Three 2010s hits
10
5X2 Blitz: Lyrics
Explore More
Trending Topics
Disney
NBA
Anime
Crossword
Kpop
Marvel
Harry Potter
Puzzle
WWE
NFL
Country
Soccer
The Office
Song
Pokémon
hide this ad
More By:
serenafrances
Quiz
Plays
Rating
Category
Featured
Created
Taylor Swift's 'Lover' next line
535
4.25
Music
Aug 30, 2019
Nothing But Thieves - You Know Me Too Well lyrics
284
3.67
Music
Mar 27, 2019
Sunset Boulevard Lyrics - Andrew Lloyd Webber
56
5.00
Music
Feb 7, 2020
Go to Creator's Profile
Score Distribution
Quiz Creator Spotlight
serenafrances
Follow
Send a Message
Quizzes Created
-
Created Quiz Play Count
-
More By This Creator
Popular Quizzes Today
1
Find the US States - No Outlines Minefield
2
Colored Red Africa Blitz
3
Find the 'City' Movie
4
5x2 Blitz: Bands
5
The Countries of the World
6
Find the Countries of Europe - No Outlines Minefield
7
Find the US States
8
US States
More Music Quizzes
Canadian Musician Name Match 1
Quiz Lab
Trending Quizzes
Colored Red Europe Blitz I
Colored Red Africa Blitz II
Colored Red Europe Blitz II
Colored Red Africa Blitz III
Colored Red Europe Blitz III
Recently Updated
How Do You Spell That?
pecheneg
Godzilla Movies
pecheneg
Grab Bag: 4-10 Letters
pecheneg
2024 March Madness Bracket
pecheneg
Famous TV Couples
Peacemaker
Champions League XIs: Real Madrid
pecheneg
Largest US Cities 1790-2010
pecheneg
Rides in Walt Disney World
pecheneg
Most Oscar Losses (Acting)
pecheneg
Beyoncé Albums
pecheneg
Trending Topics
NBA
Anime
Crossword
Kpop
Harry Potter
Marvel
Disney
NFL
The Office
WWE
Country
Soccer
Puzzle
Song
Pokémon
Your Account Isn't Verified!
In order to create a playlist on Sporcle, you need to verify the email address you used during registration. Go to your
Sporcle Settings
to finish the process.
Report this User
Report this user for behavior that violates our
Community Guidelines
.
Details:
Send Report
Go to the Sporcle.com Mobile Site →
Comments